LIBRARY & INFORMATION CENTRE, KCAET, TAVANUR

ONLINE PUBLIC ACCESS CATALOGUE (OPAC)

Motor vehicle technology and practical work, vol-1,2 / (Record no. 7482)

MARC details
000 -LEADER
fixed length control field 00452cam a2200169ua 4500
020 ## - INTERNATIONAL STANDARD BOOK NUMBER
ISBN 0 435 72053 8
041 ## - LANGUAGE CODE
Language code of text/sound track or separate title eng
082 ## - DEWEY DECIMAL CLASSIFICATION NUMBER
Classification number 629.2
Item number DOL/MO
100 ## - MAIN ENTRY--AUTHOR NAME
Personal name Dolan, J A .
245 ## - TITLE STATEMENT
Title Motor vehicle technology and practical work, vol-1,2 /
250 ## - EDITION STATEMENT
Edition statement 1 /
260 ## - PUBLICATION, DISTRIBUTION, ETC. (IMPRINT)
Place of publication London :
Name of publisher Heinemann Educational Books Ltd. ,
Year of publication 1980.
300 ## - PHYSICAL DESCRIPTION
Number of Pages 700 ; .
942 ## - ADDED ENTRY ELEMENTS (KOHA)
Koha item type Books
Holdings
Withdrawn status Lost status Damaged status Home library Current library Date acquired Full call number Accession Number Koha item type
Withdrawn   Damaged KAUAET KAUAET 10/09/1986 629.2 15748 Books
free website counter